000 00491nam a2200181Ia 4500
005 20250326124004.0
008 250326s9999 xx 000 0 und d
037 _aTextbook
040 _aFMSL
_beng
_cFMSL
041 _aeng
_2eng
084 _aX K0
_qFMSL
100 _aFellner W
_9229944
245 0 _aEmergence and content of modern economic analysis
_cFellner W
260 _aNY
_bNY, McGraw-Hill
_c1960
300 _a459p
942 _cTB
_hX K0
999 _c1271781
_d1271781